Lịch sử kiến trúc phương Tây : tóm tắt bài giảng và minh họa /

Uloženo v:
Podrobná bibliografie
Hlavní autor: Trần Văn Khải
Médium: Sách giấy
Jazyk:Vietnamese
Vydáno: Hà Nội : Giao thông Vận tải , 2000
Tagy: Přidat tag
Žádné tagy, Buďte první, kdo otaguje tento záznam!
Thư viện lưu trữ: Thư viện Trường Đại học Đà Lạt
LEADER 00620nam a2200241 4500
001 DLU020017505
005 ##3/30/2001
020 # # |a 978- 
041 # # |a vie 
082 # # |a 720.94  |b TR-K 
100 # # |a Trần Văn Khải 
245 # # |a Lịch sử kiến trúc phương Tây :  |b tóm tắt bài giảng và minh họa /  |c Trần Văn Khải 
260 # # |a Hà Nội :  |b Giao thông Vận tải ,  |c 2000 
300 # # |a 176 tr.;   |c 30 cm. 
992 # # |a 33000 
994 # # |a DLU 
900 # # |a False 
911 # # |a Administrator 
925 # # |a G 
926 # # |a A 
927 # # |a SH 
980 # # |a Thư viện Trường Đại học Đà Lạt